00837nam a2200253Ia 4500001000700000003000500007008004100012010001100053020003800064040000900102082002300111245006800134260005900202300001100261500005900272503005000331504002700381650001600408650003200424650003100456650004600487700002400533700002600557Z_6907CHAP220113s2011 xx 000 0 und d a170178 a978-0-521-11626-8 (pasta rustica) cCHAP a636.30824 R47 2011 aReproduction in sheep /ceditores D. R. Lindsay y D. T. Pearce aNew York (State) :bCambridge University Press,c2011 a403 p. aPublicación técnica de Australian Wool Corporation aej.1: consumo \ ej.2: consumo \ ej.3: consumo aIncluye bibliografía aGestación aInseminación artificial \ aOvejas xx Reproducción aTecnologías de reproducción asistidas a Pearce, D. T., ed. aLindsay, D. R., ed.